| 000 -LEADER |
| fixed length control field |
01425nam a2200325 4500 |
| 001 - CONTROL NUMBER |
| control field |
19124110 |
| 005 - DATE AND TIME OF LATEST TRANSACTION |
| control field |
20220725161226.0 |
| 008 - FIXED-LENGTH DATA ELEMENTS--GENERAL INFORMATION |
| fixed length control field |
160607s2017 maua 000 0 eng |
| 010 ## - LIBRARY OF CONGRESS CONTROL NUMBER |
| LC control number |
2016025145 |
| 040 ## - CATALOGING SOURCE |
| Original cataloging agency |
DLC |
| Language of cataloging |
eng |
| Transcribing agency |
DLC |
| Description conventions |
rda |
| Modifying agency |
DLC |
| 042 ## - AUTHENTICATION CODE |
| Authentication code |
pcc |
| 050 00 - LIBRARY OF CONGRESS CALL NUMBER |
| Classification number |
QA76.64 |
| Item number |
.D35 2017 |
| 082 00 - DEWEY DECIMAL CLASSIFICATION NUMBER |
| Classification number |
005.133,DAL |
| Edition number |
23 |
| 100 1# - MAIN ENTRY--PERSONAL NAME |
| Personal name |
Dale, Nell |
| Fuller form of name |
(Nell B.), |
| Relator term |
author. |
| 9 (RLIN) |
94987 |
| 245 10 - TITLE STATEMENT |
| Title |
Object-oriented data structures using Java / |
| Statement of responsibility, etc. |
Nell Dale, Daniel T. Joyce, Chip Weems. |
| 250 ## - EDITION STATEMENT |
| Edition statement |
3rd edition. |
| 264 #1 - PRODUCTION, PUBLICATION, DISTRIBUTION, MANUFACTURE, AND COPYRIGHT NOTICE |
| Place of production, publication, distribution, manufacture |
Burlington, MA : |
| Name of producer, publisher, distributor, manufacturer |
Jones & Bartlett Learning, |
| Date of production, publication, distribution, manufacture, or copyright notice |
[2018] |
| 300 ## - PHYSICAL DESCRIPTION |
| Extent |
xix, 799 pages : |
| Other physical details |
illustrations ; |
| Dimensions |
24 cm |
| 336 ## - CONTENT TYPE |
| Content type term |
text |
| Content type code |
txt |
| Source |
rdacontent |
| 337 ## - MEDIA TYPE |
| Media type term |
unmediated |
| Media type code |
n |
| Source |
rdamedia |
| 338 ## - CARRIER TYPE |
| Carrier type term |
volume |
| Carrier type code |
nc |
| Source |
rdacarrier |
| 505 0# - FORMATTED CONTENTS NOTE |
| Formatted contents note |
Getting organized (Page-1), Abstract Data Types (Page-63),The stack ADT (Page-159), Recursion (Page-243), The queue ADT (Page-297),The Queue ADT (Page-297), The list ADT (Page-383) The binary search tree ADT (Page-531), The priority queue , Heaps and Graphs (Page-613), Sorting and searching algorithms (Page-671). |
| 650 #0 - SUBJECT ADDED ENTRY--TOPICAL TERM |
| Topical term or geographic name entry element |
Object-oriented programming (Computer science) |
| 650 #0 - SUBJECT ADDED ENTRY--TOPICAL TERM |
| Topical term or geographic name entry element |
Data structures (Computer science) |
| 650 #0 - SUBJECT ADDED ENTRY--TOPICAL TERM |
| Topical term or geographic name entry element |
Java (Computer program language) |
| 9 (RLIN) |
8017 |
| 700 1# - ADDED ENTRY--PERSONAL NAME |
| Personal name |
Joyce, Daniel T., |
| Relator term |
author. |
| 9 (RLIN) |
94988 |
| 700 1# - ADDED ENTRY--PERSONAL NAME |
| Personal name |
Weems, Chip., |
| Relator term |
author. |
| 9 (RLIN) |
36737 |
| 906 ## - LOCAL DATA ELEMENT F, LDF (RLIN) |
| a |
7 |
| b |
cbc |
| c |
orignew |
| d |
1 |
| e |
ecip |
| f |
20 |
| g |
y-gencatlg |
| 942 ## - ADDED ENTRY ELEMENTS (KOHA) |
| Source of classification or shelving scheme |
|
| Koha item type |
Reference |